| 000 | 00967cam a2200313 4500 | ||
|---|---|---|---|
| 001 | J62392 | ||
| 008 | 000000n2000 000 0 eng u | ||
| 035 | _a(Sirsi) u109211 | ||
| 041 | _aeng | ||
| 050 | _a333.337016 | ||
| 110 |
_aCB Hillier Parker _93660 |
||
| 245 | _aRent and yield monitor : market index brief Q3 & Q4 2000 | ||
| 260 |
_aLondon _bCB Hillier Parker _c2000 |
||
| 300 | _a1 folded sheet . ; 30cm. | ||
| 520 | _aFormally CBHiller Parker Rent Index and CBHiller Parker average yields. For quarters 1 and 2 see the above respectively. | ||
| 650 | _aHILLIER PARKER RENT INDEX | ||
| 650 | _aINDICES | ||
| 650 | _aINDUSTRIAL PROPERTY | ||
| 650 | _aOFFICES | ||
| 650 | _aRENTS | ||
| 650 | _aSHOPS | ||
| 650 | _aYIELDS | ||
| 650 | _aINVESTMENT | ||
| 650 | _aHILLIER PARKER AVERAGE YIELD INDEX | ||
| 690 | _aPROPERTY-COMMERCIAL PROPERTY | ||
| 710 |
_aHillier Parker _92054 |
||
| 856 | _uhttps://www.cbhillierparker.com | ||
| 942 | _n0 | ||
| 999 |
_c100901 _d100901 |
||